000 01701cam a22004814i 4500
003 PE-LiUPU
005 20250731184531.0
008 150623s r 000 0 d
020 _a0500278873
035 _a(Sirsi) i9780500278871
040 _aPE-LiUPU
_bspa
_cPE-LiUPU
_erda
049 _aPRUA
082 0 4 _a939
_bM12
_221
100 1 _aMacqueen, J. G.,
_eautor.
245 1 4 _aThe hittites and their contemporaries in Asia minor /
_cJ. G. Macqueen.
264 1 _aLondon :
_bThames and Hudson,
_c1996.
300 _a176 páginas :
_bilustraciones láms., mapas, planos ;
_c24 centímetros
336 _atext
_2rdacontent
337 _aunmediated
_2rdamedia
338 _avolume
_2rdacarrier
490 0 _aAncient Peoples and Places
504 _aIncluye bibliografía.
505 0 _aBackground and environment. -Who were the Hittites?. -The Hittites and their neighbours. -Warfare and defense. -Society and administration. -Daily life in late bronze age Anatolia. -Religion. -Art and literature.
526 _aP136
526 _aP135
526 _aP134
526 _aP133
526 _aP144
526 _aP143
526 _aP87
526 _aP35
526 _aP20
526 _aP14
526 _aP10
526 _aP06
650 0 4 _aHititas
_xHistoria.
942 _2ddc
_cBOOK
949 _a939 M12
_wDEWEY
_c1
_i45548
_lCCODEBUL1
_mBUL
_r0
_sY
_tBOOK
_u2015-6-24
_xTEOLOGIA
_PP35
_0COMPRA
_o.STAFF. Colección General
994 _aC0
_bPEPRU
596 _a1
999 _a939 M12
_wDEWEY
_c22411
_i45548
_f2021-11-11
_g5
_lCCODEBUL1
_mBUL
_r0
_sY
_tBOOK
_u2015-6-24
_xTEOLOGIA
_PP35
_0COMPRA
_o.STAFF. Colección General
_d22411
980 _81
_gALBERTO SANCHEZ Responsable de Automatización